| 000 | 00416nam a22001337a 4500 | ||
|---|---|---|---|
| 008 | 150121b xxu||||| |||| 00| 0 eng d | ||
| 050 | _aHV887.Z55S354 | ||
| 100 |
_aSchmidt, Wolf _914507 |
||
| 245 |
_aBeing on the street: _bJust as I am/ _cWolf Schmidt, SJ |
||
| 260 |
_aMount Pleasant, Harare: _bSappho, _c1992. |
||
| 300 |
_ax, 28p. _c21 cm. |
||
| 650 |
_aStreet children _zZimbabwe _914508 |
||
| 942 |
_2lcc _cMONOGRAPH |
||
| 999 |
_c121859 _d121859 |
||